Pāpa, puṇya. (Record no. 81827)

MARC details
000 -LEADER
fixed length control field 00515cam a22002171 4500
001 - CONTROL NUMBER
control field sa 68007470
003 - CONTROL NUMBER IDENTIFIER
control field DLC
005 - DATE AND TIME OF LATEST TRANSACTION
control field 20260227112522.0
008 - FIXED-LENGTH DATA ELEMENTS--GENERAL INFORMATION
fixed length control field 890227s1967 xx 000 0 ben
010 ## - LIBRARY OF CONGRESS CONTROL NUMBER
LC control number sa 68007470
035 ## - SYSTEM CONTROL NUMBER
System control number (OCoLC)23566012
040 ## - CATALOGING SOURCE
Original cataloging agency DLC
Transcribing agency MiU
Modifying agency DLC
042 ## - AUTHENTICATION CODE
Authentication code premarc
050 00 - LIBRARY OF CONGRESS CALL NUMBER
Classification number PK1718.B39
Item number P28
100 1# - MAIN ENTRY--PERSONAL NAME
Personal name Basu, Samareśa,
Dates associated with a name 1924-1988.
245 10 - TITLE STATEMENT
Title Pāpa, puṇya.
260 ## - PUBLICATION, DISTRIBUTION, ETC.
Date of publication, distribution, etc. [1967]
300 ## - PHYSICAL DESCRIPTION
Extent 121 p.
Dimensions 23 cm.
500 ## - GENERAL NOTE
General note In Bengali.
500 ## - GENERAL NOTE
General note Short stories.

No items available.

Powered by Koha